000 01554nam a2200373 a 4500
001 000114862
003 CHAP
005 20240503114357.0
008 180628s2017 mx a |r| |||0|||spa d
010 _a111323
011 _a112295
040 _cCHAP
082 0 4 _a346.04691
_bS61
245 0 0 _aSíntesis de la recomendación no. 10/2017 de la Comisión Nacional de Derechos Humanos (CNDH), emitida el 21 de marzo de 2017. /
_ccoordinacion Alicia Lara Vázquez.
246 0 _aSíntesis de la recomendación 10/2017 de la comisión nacional de derechos humanos (CNDH), emitida el 21 de marzo de 2017 en relación con la contaminación de los ríos Atoyac, Xochiac y sus afluentes. por un Atoyac con vida no hay justicia social, sin justicia ambiental
260 _aTlaxcala,Tlax. :
_bImpretlax,
_c2017.
300 _a115 p. :
_bil., mapas y cuadros;
_e+ 1 CD ROM.
500 _a¡ Por un Atoyac con vida !, ¡No hay justicia social, sin justicia ambiental!.
590 _aBATCH-UPD
_b05
_c20180723
590 _aE11695DGD
_b10
_c20180730
590 _aE11695DGD
_b10
_c20180730
590 _aE11695DGD
_b10
_c20180730
590 _aE11695DGD
_b10
_c20190430
590 _aE6339RRR
_b05
_c20180628
590 _aE6339RRR
_b05
_c20180723
650 1 4 _aAgua
_xCalidad.
_92316
650 1 4 _aAgua
_xContaminación
_xLeyes.
_92356
650 1 4 _aCuencas
_xEstudios hidrológicos.
_9130786
650 1 4 _aDerechos humanos
_xMéxico.
_931923
700 1 _aLara Vázquez, Alicia
_ecoord.
_9135253
901 _aBK
942 _cLIBRO
_2ddc
942 _n0
_2ddc
999 _c111323
_d111323